| Tag |
First Indicator |
Second Indicator |
Subfields |
| LEADER |
00000cam a2200000 i 4500 |
| 001 |
in00000505180 |
| 005 |
20190207094403.0 |
| 008 |
760825s1976 mx b 00110 spa d |
| 035 |
|
|
|a (OCoLC)02396594
|
| 035 |
|
|
|9 ACD0595AM
|
| 040 |
|
|
|a TXA
|c TXA
|d UtOrBLW
|
| 049 |
|
|
|a TXAM
|c [1028928]
|
| 090 |
|
|
|a F1234
|b .V52 1976
|
| 100 |
1 |
|
|a Vera Estañol, Jorge.
|
| 245 |
1 |
0 |
|a Historia de la Revolucion Mexicana :
|b origenes y resultados /
|c Jorge Vera Estanol.
|
| 250 |
|
|
|a 3. ed.
|
| 264 |
|
1 |
|a Mexico :
|b Editorial Porrua,
|c 1976.
|
| 300 |
|
|
|a 797 pages ;
|c 23 cm.
|
| 336 |
|
|
|a text
|b txt
|2 rdacontent
|
| 337 |
|
|
|a unmediated
|b n
|2 rdamedia
|
| 338 |
|
|
|a volume
|b nc
|2 rdacarrier
|
| 500 |
|
|
|a The Cushing Library/Chapman Texas Collection copy is part of the Floyd & Louise Chapman Texas & Borderlands Collection.
|5 TXA
|
| 580 |
|
|
|a Part of the Mexican Revolution Collection.
|
| 500 |
|
|
|a Originally published under title: La Revolucion Mexicana; origenes y resultados.
|
| 504 |
|
|
|a Includes bibliographical references and index.
|
| 651 |
|
0 |
|a Mexico
|x History
|y 1910-1946.
|
| 999 |
|
|
|a MARS
|
| 999 |
f |
f |
|s 9a2475a4-28b2-3c93-81fa-8204665afd7a
|i 750592af-30af-3967-b063-81016dc8bbf0
|t 0
|
| 952 |
f |
f |
|p noncirc
|a Texas A&M University
|b College Station
|c Cushing Memorial Library & Archives
|d Cushing: Chapman Texas Collection (Does not check out)
|t 0
|e F1234 .V52 1976
|h Library of Congress classification
|i unmediated -- volume
|
| 952 |
f |
f |
|p normal
|a Texas A&M University
|b College Station
|c Sterling C. Evans Library
|d Evans: Library Stacks
|t 0
|e F1234 .V52 1976
|h Library of Congress classification
|i unmediated -- volume
|m A14802343948
|
| 998 |
f |
f |
|a F1234 .V52 1976
|t 0
|l Cushing: Chapman Texas Collection (Does not check out)
|
| 998 |
f |
f |
|a F1234 .V52 1976
|t 0
|l Evans: Library Stacks
|